Sur le chemin craig

Wedi'i Gadw mewn:
Manylion Llyfryddiaeth
Prif Awdur: Ferron, Mandeleine
Fformat: Llyfr
Iaith:Undetermined
Cyhoeddwyd: Montreal, Canadá Stanké 1983
Pynciau:
Tagiau: Ychwanegu Tag
Dim Tagiau, Byddwch y cyntaf i dagio'r cofnod hwn!

MARC

LEADER 00000nam a2200000Ia 4500
008 170316s9999 xx 000 0 und d
040 |a cru BVZT 
090 |a 818 F-1s 
100 |a Ferron, Mandeleine 
245 |a Sur le chemin craig 
260 |a Montreal, Canadá 
260 |b Stanké 
260 |c 1983 
300 |a 191 páginas 
650 |a LITERATURA CANADIENSE 
999 |c 6421  |d 6421 
942 |c 15 D  |h 818 F-1s  |2 z